What a Time - Julia Michaels ft. Niall Horan (Lyrics) - Statistics

General Stats
  • This quiz has been taken 207 times
  • The average score is 298 of 361
Answer Stats
% Correct
a
100%
and
99%
And
99%
You
99%
you
99%
) | [Chorus] | [Verse 1] | [Verse 2] I
97%
my
95%
My
95%
get
94%
the
94%
think
91%
it
90%
getting
88%
time
88%
we
88%
In
87%
in
87%
night
87%
What
87%
what
87%
for
86%
For
86%
of
84%
that
84%
so
83%
was
83%
your
83%
are
82%
by
82%
dark
82%
feel
82%
hands
81%
shaking
81%
little
79%
park
79%
know
78%
sometimes
78%
about
75%
hours
75%
no
75%
like
74%
stayed
74%
is
71%
to
70%
side
69%
been
68%
close
68%
haven't
68%
Oh
68%
up
68%
forever
66%
body
65%
guess
65%
we're
65%
but
64%
heart
64%
nauseous
64%
racing
62%
still
62%
distant
61%
end
61%
didn't
58%
Even
58%
it's
58%
wanted
58%
you're
58%
minute
57%
not
57%
supposed
55%
though
55%
throat
53%
lie
51%
wanna
51%
dry
48%
means
48%
clinged
44%
make
44%
mind
43%
sense
43%
tense
43%
bit
42%
reminisce
42%
parts
39%
admit
38%
all
36%
if
36%
now
36%
out
36%
bad
35%
just
35%
yeah
32%
wonder
30%
leaves
29%
No matching quizzes found
Score Distribution
Percent of People with Each Score
Percentile by Number Answered
Your Score History
You have not taken this quiz